01961nam a22001217a 4500041000800000080000700008100002100015245013200036260003100168300000800199520161200207650002001819 aukr a09 aКаба М. В. aПарадигми нейролінгвістичного програмування в політичній рекламі aОстрогbКАФc2007 a102 aВступ. Розділ 1. Теоретичні аспекти технології правильного спілкування та нейролінгвісимчного програмування. 1.1. Когнітивні особливості природи інтелекту. 1.2. Мовні форми відображення мислення і психології стану людини. 1.3. Маніпуляційний вплив мовних універсалій. 1.4. Мовне моделювання. Розділ 2. НЛП методики як засіб ефективного спілкування. 2.1. Раппорт як основа технології мовного впливу. 2.2. Символи-якорі як метод технології політичної реклами. 2.3. Оруеллізм як засіб агресивної маніпуляції. 2.4. Емрінт метод як дослідження основи поведінки. 2.5. Метастратегія Розеншток-Хюсси. Розділ 3. Варіативні особливості НЛП в національній динаміці. 3.1. Блок політичних партій НСНУ. 3.2. Блок Юлії Тимошенко. 3.3. Промова Джона Е. Хербста присвячена Євроінтеграції України. 3.4. Промова посла США в Україні Б. Тейлора. Висновки.0лінгвістика, нейролігвістичне програмування aResearch Papers